| 000 | 00380nam a22001217a 4500 | ||
|---|---|---|---|
| 082 |
_a340.59 _bRAH |
||
| 100 | _aRahim, Abdur | ||
| 245 |
_aThe Principles of Muhammadan Jurisprudence: _bAccording to The Hanafi, Maliki, Shafi'i and Hanbali School / _cAbdur Rahim |
||
| 260 |
_aLahore: _bMansoor Law Book House, _c2022. |
||
| 300 | _a376 p. | ||
| 563 | _aHB. | ||
| 942 |
_2ddc _cBK |
||
| 999 |
_c614010 _d614010 |
||